header

Snowman Magic (Record no. 262476)

MARC details
000 -LEADER
fixed length control field 00211nam a22000977a 4500
020 ## - INTERNATIONAL STANDARD BOOK NUMBER
ISBN 9780545663991
100 ## - MAIN ENTRY--AUTHOR NAME
Personal name Katherine Tegen
245 ## - TITLE STATEMENT
Title Snowman Magic
260 ## - PUBLICATION, DISTRIBUTION, ETC. (IMPRINT)
Place of publication New York
Name of publisher Scholastic
Year of publication 2012
942 ## - ADDED ENTRY ELEMENTS (KOHA)
Koha item type Long Loan Books
Holdings
Withdrawn status Lost status Collection code Home library Current library Shelving location Date acquired Accession Number Koha item type
    Fiction Rongo University Library Rongo University Library Children's Area 18/01/2024 CL20211337 Long Loan Books

© 2026 Rongo University
Contact us: librarian | system librarian | Rongo university